| 000 | 00733nam a2200265Ia 4500 | ||
|---|---|---|---|
| 003 | OSt | ||
| 005 | 20221006153509.0 | ||
| 006 | a|||||r|||| 00| 0 | ||
| 007 | ta | ||
| 008 | 221006b |||||||| |||| 00| 0 chi d | ||
| 020 | _a9867630211 | ||
| 024 | _a32,469 | ||
| 037 |
_bGift, Republic of China _cTextual |
||
| 040 |
_aEASL _cEASL _bchi |
||
| 041 |
_2chi _achi |
||
| 082 | _aU.4295, 41P4 | ||
| 100 |
_aChen Shui Shu Au. _9664268 |
||
| 245 | 0 | _aTaiwan de guo jia guo jing qu | |
| 260 |
_aTaiwan _bWolker Culture ROC _c2004 |
||
| 300 |
_a207p. _ccm. |
||
| 490 | _v KL | ||
| 650 |
_aCL _9642733 |
||
| 942 |
_hU.4295, 41P4 _cTEXL _2CC |
||
| 999 |
_c1100555 _d1100555 |
||